书目信息 |
| 题名: |
膜式热泵与空气湿度调节膜操作原理
|
|
| 作者: | 黄斯珉 著 | |
| 分册: | ||
| 出版信息: | 北京 科学出版社 2017.3 |
|
| 页数: | 203页 | |
| 开本: | 24cm | |
| 丛书名: | ||
| 单 册: | ||
| 中图分类: | TK515 | |
| 科图分类: | ||
| 主题词: | 太阳能--热泵--应用--空气调节系统--湿度调节系统--研究 | |
| 电子资源: | ||
| ISBN: | 978-7-03-051869-9 | |
| 000 | 01221nam0 2200241 450 | |
| 001 | 0400009187 | |
| 005 | 20171119102935.0 | |
| 010 | @a978-7-03-051869-9@dCNY88.00 | |
| 100 | @a20170905d2017 em y0chiy50 ea | |
| 101 | 0 | @achi |
| 102 | @aCN@b110000 | |
| 105 | @aa z 000yy | |
| 106 | @ar | |
| 200 | 1 | @a膜式热泵与空气湿度调节膜操作原理@Amo shi re beng yu kong qi shi du tiao jie mo cao zuo yuan li@f黄斯珉著 |
| 210 | @a北京@c科学出版社@d2017.3 | |
| 215 | @a203页@c图@d24cm | |
| 300 | @a东莞理工学院学术专著资金资助出版 | |
| 330 | @a本书拟发展空调系统温湿度调节和制热制冷技术来实现建筑节能。膜式热泵的应用往往和膜式液体除湿技术结合在一起,协调生活用水制热和空气湿度调节。可以形成一种膜式热泵制热、膜式空气加湿以及液体除湿膜式协同控制装置,可通过控制热泵回路和液体除湿回路的电磁阀来获得所需制热量和除湿量,在高温高湿的夏季用于空气除湿与制冷,由太阳能再生稀溶液,浓溶液在储液槽中储存能量,在寒冷的冬季,溶液用于制热,水箱中的水可以用来加湿,调节室内空气湿度,有效解决冬季大量生活热水需求和太阳能相对缺乏的矛盾。 | |
| 606 | 0 | @a太阳能@x热泵@x应用@x空气调节系统@x湿度调节系统@x研究 |
| 690 | @aTK515@v5 | |
| 701 | 0 | @a黄斯珉@Ahuang si min@4著 |
| 801 | 0 | @aCN@b上海新华@c20171119 |
| 905 | @b1028542-6@dTK515@e177@f5 | |
| 膜式热泵与空气湿度调节膜操作原理/黄斯珉著.-北京:科学出版社,2017.3 |
| 203页:图;24cm |
| 东莞理工学院学术专著资金资助出版 |
| ISBN 978-7-03-051869-9:CNY88.00 |
| 本书拟发展空调系统温湿度调节和制热制冷技术来实现建筑节能。膜式热泵的应用往往和膜式液体除湿技术结合在一起,协调生活用水制热和空气湿度调节。可以形成一种膜式热泵制热、膜式空气加湿以及液体除湿膜式协同控制装置,可通过控制热泵回路和液体除湿回路的电磁阀来获得所需制热量和除湿量,在高温高湿的夏季用于空气除湿与制冷,由太阳能再生稀溶液,浓溶液在储液槽中储存能量,在寒冷的冬季,溶液用于制热,水箱中的水可以用来加湿,调节室内空气湿度,有效解决冬季大量生活热水需求和太阳能相对缺乏的矛盾。 |
| ● |
| 相关链接 |
|
|
|
|
正题名:膜式热泵与空气湿度调节膜操作原理
索取号:TK515/177
 
预约/预借
| 序号 | 登录号 | 条形码 | 馆藏地/架位号 | 状态 | 备注 |
| 1 | 1028542 | 210285421 | 第二样本阅览室/ [索取号:TK515/177] | 在馆 | |
| 2 | 1028543 | 210285430 | 密集书库-化学系/ [索取号:TK515/177] | 在馆 | |
| 3 | 1028544 | 210285449 | 第三借阅区/ [索取号:TK515/177] | 在馆 | |
| 4 | 1028545 | 210285458 | 第三借阅区/ [索取号:TK515/177] | 在馆 | |
| 5 | 1028546 | 210285467 | 第三借阅区/ [索取号:TK515/177] | 在馆 |